000 00241nam a2200097Ia 4500
005 20251222114351.0
008 251222s1900||||xx |||||||||||||| ||spa||
082 _aDVD0050/S75/1977
245 0 _aEncuentros cercanos del tercer tipo:
942 _cDVD
999 _c1261
_d1261